Fodder resources and grazing management in a savanna environment: an ecosystem approach (Record no. 477711)

000 -LEADER
fixed length control field 00549cam a22001457a 4500
008 - FIXED-LENGTH DATA ELEMENTS--GENERAL INFORMATION
fixed length control field 180718b1974 xxu||||| |||| 00| 0 eng d
082 ## - DEWEY DECIMAL CLASSIFICATION NUMBER
Classification number B084 In7/45
100 ## - MAIN ENTRY--PERSONAL NAME
Personal name Van Raay, Hans G.T.
245 ## - TITLE STATEMENT
Title Fodder resources and grazing management in a savanna environment: an ecosystem approach
Statement of responsibility, etc. by Hans G.T. Van Raay,and Peter N. de Leeuw
260 ## - PUBLICATION, DISTRIBUTION, ETC.
Place of publication, distribution, etc. The Hague
Name of publisher, distributor, etc. Institute of Social Studies
Date of publication, distribution, etc. 1974
300 ## - PHYSICAL DESCRIPTION
Extent 31p.
440 ## - SERIES STATEMENT/ADDED ENTRY--TITLE
Title Institute of Social Studies Occasional papers No.45
650 ## - SUBJECT ADDED ENTRY--TOPICAL TERM
Topical term or geographic name entry element Livestock Farms - Nigeria
700 ## - ADDED ENTRY--PERSONAL NAME
Personal name Leeuw, Peter N. de
Holdings
Withdrawn status Lost status Damaged status Not for loan Permanent Location Current Location Date acquired Full call number Barcode Date last seen Price effective from Koha item type
        Indian Institute of Public Administration Indian Institute of Public Administration 2018-08-04 B084 In7/45 GR9650 2018-08-04 2018-08-04 GR

Powered by Koha